[Event "DVM U12 2018"]
[Site "Magdeburg GER"]
[Date "2018.12.28"]
[Round "3"]
[White "Monninkhoff, Yari"]
[Black "Fuhrmann, Bahne"]
[Result "0-1"]
[Termination "normal"]
[Board "1.3"]
[WhiteElo "1207"]
[BlackElo "1584"]
[WhiteClock "00:16:25"]
[BlackClock "00:52:27"]
[WhiteTeam "SV Empor Berlin"]
[BlackTeam "Hamburger SK"]
[PlyCount "46"]
[WhiteFideId "16236149"]
[BlackFideId "16244842"]
[EventCountry "GER"]
[EventRounds "7"]
[EventType "team-swiss"]
[EventDate "2018.12.26"]

1. e4 {[%clk 1:30:58]} e5 {[%clk 1:30:55]} 2. Nf3 {[%clk 1:31:16]} Nc6 {[%clk
1:31:18]} 3. Bc4 {[%clk 1:31:19]} Bc5 {[%clk 1:31:42]} 4. c3 {[%clk 1:31:26]}
Nf6 {[%clk 1:31:48]} 5. d3 {[%clk 1:31:28]} O-O {[%clk 1:31:47]} 6. O-O {[%clk
1:31:40]} d5 {[%clk 1:31:34]} 7. exd5 {[%clk 1:30:21]} Nxd5 {[%clk 1:31:13]} 8.
Re1 {[%clk 1:25:16]} Re8 {[%clk 1:28:48]} 9. Be3 {[%clk 1:18:38]} Nxe3 {[%clk
1:25:38]} 10. fxe3 {[%clk 1:18:47]} e4 {[%clk 1:23:55]} 11. Nd4 {[%clk
1:11:14]} Ne5 {[%clk 1:18:44]} 12. h3 {[%clk 1:00:55]} Qg5 {[%clk 1:15:27]} 13.
Kh1 {[%clk 0:59:19]} Qg6 {[%clk 1:12:34]} 14. Nd2 {[%clk 0:46:37]} Nxd3 {[%clk
1:08:19]} 15. Bxd3 {[%clk 0:45:23]} exd3 {[%clk 1:08:39]} 16. Qf3 {[%clk
0:43:47]} Bd7 {[%clk 1:00:27]} 17. Qxb7 {[%clk 0:35:50]} Bxd4 {[%clk 1:00:27]}
18. Qxc7 {[%clk 0:25:41]} Bc6 {[%clk 0:59:36]} 19. e4 {[%clk 0:24:58]} Be5
{[%clk 0:57:15]} 20. Qa5 {[%clk 0:24:35]} Qg3 {[%clk 0:56:22]} 21. Nf1 {[%clk
0:24:05]} Qf4 {[%clk 0:55:04]} 22. Rad1 {[%clk 0:16:52]} Bxe4 {[%clk 0:52:23]}
23. Qa4 {[%clk 0:16:25]} Bxg2+ {[%clk 0:52:27]} 0-1

[Event "DVM U12 2018"]
[Site "Magdeburg GER"]
[Date "2018.12.28"]
[Round "3"]
[White "Kort, Felix"]
[Black "Ellert, Stefan"]
[Result "1-0"]
[Termination "normal"]
[Board "1.4"]
[WhiteElo "1593"]
[BlackElo "1464"]
[WhiteClock "00:08:33"]
[BlackClock "00:55:15"]
[WhiteTeam "Hamburger SK"]
[BlackTeam "SV Empor Berlin"]
[PlyCount "47"]
[WhiteFideId "16220129"]
[BlackFideId "16235029"]
[EventCountry "GER"]
[EventRounds "7"]
[EventType "team-swiss"]
[EventDate "2018.12.26"]

1. d4 {[%clk 1:30:58]} d5 {[%clk 1:29:17]} 2. c4 {[%clk 1:31:16]} e6 {[%clk
1:29:31]} 3. Nc3 {[%clk 1:31:23]} Nf6 {[%clk 1:29:35]} 4. cxd5 {[%clk 1:31:24]}
exd5 {[%clk 1:29:51]} 5. Bg5 {[%clk 1:31:41]} c6 {[%clk 1:29:38]} 6. e3 {[%clk
1:31:15]} Bf5 {[%clk 1:29:59]} 7. Qf3 {[%clk 1:24:25]} Bg6 {[%clk 1:28:27]} 8.
Bxf6 {[%clk 1:24:39]} gxf6 {[%clk 1:28:46]} 9. h4 {[%clk 1:22:35]} Qe7 {[%clk
1:28:07]} 10. a3 {[%clk 1:13:02]} Bh6 {[%clk 1:27:46]} 11. Nge2 {[%clk
0:55:46]} Nd7 {[%clk 1:27:12]} 12. Ng3 {[%clk 0:53:47]} O-O-O {[%clk 1:19:28]}
13. Rc1 {[%clk 0:49:38]} Rde8 {[%clk 1:14:33]} 14. Nxd5 {[%clk 0:46:38]} Qe6
{[%clk 1:14:22]} 15. Bc4 {[%clk 0:40:54]} Qd6 {[%clk 1:11:39]} 16. h5 {[%clk
0:24:33]} cxd5 {[%clk 1:10:01]} 17. Bxd5+ {[%clk 0:24:39]} Kb8 {[%clk 1:10:05]}
18. hxg6 {[%clk 0:24:20]} hxg6 {[%clk 1:06:01]} 19. O-O {[%clk 0:17:29]} Bg5
{[%clk 0:59:42]} 20. Bxb7 {[%clk 0:11:21]} Nb6 {[%clk 0:59:51]} 21. Ba6 {[%clk
0:09:31]} Nd5 {[%clk 0:56:41]} 22. Rc5 {[%clk 0:08:30]} Qxa6 {[%clk 0:56:32]}
23. Qxd5 {[%clk 0:08:42]} Bh4 {[%clk 0:55:15]} 24. Rb5+ {[%clk 0:08:33]} 1-0

[Event "DVM U12 2018"]
[Site "Magdeburg GER"]
[Date "2018.12.28"]
[Round "3"]
[White "Phan Trong, Dai"]
[Black "Hommer, Jeremy"]
[Result "1-0"]
[Termination "normal"]
[Board "2.1"]
[WhiteElo "1659"]
[BlackElo "1965"]
[WhiteClock "00:56:11"]
[BlackClock "00:01:33"]
[WhiteTeam "SV Dresden-Leuben"]
[BlackTeam "SC Turm Lüneburg"]
[PlyCount "139"]
[WhiteFideId "16236939"]
[BlackFideId "12992577"]
[EventCountry "GER"]
[EventRounds "7"]
[EventType "team-swiss"]
[EventDate "2018.12.26"]

1. c4 {[%clk 1:30:59]} b6 {[%clk 1:30:54]} 2. Nc3 {[%clk 1:31:15]} Bb7 {[%clk
1:31:18]} 3. Nf3 {[%clk 1:31:07]} c5 {[%clk 1:31:40]} 4. e4 {[%clk 1:30:53]} g6
{[%clk 1:30:37]} 5. g3 {[%clk 1:30:53]} Bg7 {[%clk 1:30:57]} 6. d3 {[%clk
1:31:10]} d6 {[%clk 1:26:52]} 7. Bg2 {[%clk 1:30:28]} e6 {[%clk 1:26:06]} 8.
O-O {[%clk 1:30:16]} Ne7 {[%clk 1:26:16]} 9. Qc2 {[%clk 1:26:01]} O-O {[%clk
1:25:58]} 10. Bf4 {[%clk 1:22:19]} a6 {[%clk 1:21:45]} 11. Qc1 {[%clk 1:19:03]}
Re8 {[%clk 1:19:18]} 12. Bh6 {[%clk 1:11:39]} d5 {[%clk 0:50:57]} 13. Bxg7
{[%clk 1:10:35]} Kxg7 {[%clk 0:51:07]} 14. Qf4 {[%clk 1:10:25]} d4 {[%clk
0:44:49]} 15. Ng5 {[%clk 1:04:46]} Rf8 {[%clk 0:42:37]} 16. Qxf7+ {[%clk
1:03:46]} Rxf7 {[%clk 0:39:52]} 17. Nxe6+ {[%clk 1:03:11]} Kg8 {[%clk 0:34:19]}
18. Nxd8 {[%clk 1:03:22]} dxc3 {[%clk 0:32:06]} 19. bxc3 {[%clk 1:03:29]} Nec6
{[%clk 0:25:44]} 20. Nxf7 {[%clk 1:03:32]} Kxf7 {[%clk 0:26:10]} 21. Rab1
{[%clk 1:03:08]} Nd7 {[%clk 0:24:56]} 22. Bh3 {[%clk 1:03:23]} Ke7 {[%clk
0:22:32]} 23. f4 {[%clk 1:02:59]} Re8 {[%clk 0:17:12]} 24. Bxd7 {[%clk
1:01:56]} Kxd7 {[%clk 0:17:41]} 25. Rxb6 {[%clk 1:02:16]} Kc7 {[%clk 0:17:52]}
26. Rb2 {[%clk 1:01:27]} Rd8 {[%clk 0:16:37]} 27. Rf3 {[%clk 1:00:45]} Na5
{[%clk 0:15:16]} 28. g4 {[%clk 0:59:49]} Rd7 {[%clk 0:11:27]} 29. f5 {[%clk
0:57:28]} Nc6 {[%clk 0:10:02]} 30. Rg3 {[%clk 0:57:01]} Ne5 {[%clk 0:09:10]}
31. f6 {[%clk 0:53:31]} Nxd3 {[%clk 0:03:24]} 32. f7 {[%clk 0:53:43]} Rxf7
{[%clk 0:03:38]} 33. Rxd3 {[%clk 0:54:07]} Bxe4 {[%clk 0:03:59]} 34. Re3 {[%clk
0:54:26]} Bc6 {[%clk 0:03:39]} 35. Rf2 {[%clk 0:53:56]} Rd7 {[%clk 0:03:36]}
36. Rfe2 {[%clk 0:53:39]} Rd1+ {[%clk 0:03:24]} 37. Re1 {[%clk 0:54:02]} Rd2
{[%clk 0:03:47]} 38. R1e2 {[%clk 0:53:18]} Rd1+ {[%clk 0:04:11]} 39. Kf2 {[%clk
0:53:23]} Bd7 {[%clk 0:03:46]} 40. h3 {[%clk 0:51:41]} Kc6 {[%clk 0:02:06]} 41.
Rf3 {[%clk 0:49:22]} Rd6 {[%clk 0:01:13]} 42. Ke1 {[%clk 0:48:42]} h5 {[%clk
0:00:35]} 43. gxh5 {[%clk 0:45:42]} gxh5 {[%clk 0:01:03]} 44. Rd2 {[%clk
0:46:10]} Rg6 {[%clk 0:26:21]} 45. Rd5 {[%clk 1:14:46]} Be6 {[%clk 0:23:41]}
46. Rxh5 {[%clk 1:15:01]} Bxc4 {[%clk 0:23:39]} 47. a4 {[%clk 1:14:18]} Bb3
{[%clk 0:17:07]} 48. Rf4 {[%clk 1:12:47]} Kb6 {[%clk 0:13:01]} 49. Kf2 {[%clk
1:11:34]} Rc6 {[%clk 0:11:57]} 50. h4 {[%clk 1:09:05]} Bc2 {[%clk 0:10:47]} 51.
Re5 {[%clk 1:08:21]} a5 {[%clk 0:08:26]} 52. h5 {[%clk 1:07:35]} c4 {[%clk
0:08:27]} 53. Rb5+ {[%clk 1:07:57]} Ka6 {[%clk 0:08:52]} 54. Rg5 {[%clk
1:06:21]} Kb6 {[%clk 0:04:55]} 55. Ke3 {[%clk 0:59:57]} Ka6 {[%clk 0:03:16]}
56. Rf8 {[%clk 0:58:41]} Rd6 {[%clk 0:02:29]} 57. Ra8+ {[%clk 0:58:05]} Kb7
{[%clk 0:02:46]} 58. Raxa5 {[%clk 0:58:21]} Rd3+ {[%clk 0:03:05]} 59. Ke2
{[%clk 0:58:40]} Rh3 {[%clk 0:03:03]} 60. Rab5+ {[%clk 0:58:12]} Ka6 {[%clk
0:03:32]} 61. a5 {[%clk 0:57:36]} Bd3+ {[%clk 0:03:25]} 62. Kf2 {[%clk
0:57:34]} Be4 {[%clk 0:03:00]} 63. Rb6+ {[%clk 0:57:50]} Ka7 {[%clk 0:03:26]}
64. Rg7+ {[%clk 0:57:33]} Ka8 {[%clk 0:02:26]} 65. Re6 {[%clk 0:57:20]} Bb7
{[%clk 0:02:00]} 66. Re8+ {[%clk 0:57:41]} Ka7 {[%clk 0:02:29]} 67. Ree7 {[%clk
0:57:29]} Ka8 {[%clk 0:02:58]} 68. a6 {[%clk 0:57:21]} Bc8 {[%clk 0:01:13]} 69.
Re8 {[%clk 0:56:15]} Rh2+ {[%clk 0:01:33]} 70. Kg1 {[%clk 0:56:11]} 1-0

[Event "DVM U12 2018"]
[Site "Magdeburg GER"]
[Date "2018.12.28"]
[Round "3"]
[White "Bildat, Emilia"]
[Black "Wiedersich, Hendryk"]
[Result "0-1"]
[Termination "normal"]
[Board "2.2"]
[WhiteElo "1634"]
[BlackElo "1509"]
[WhiteClock "00:37:00"]
[BlackClock "00:41:27"]
[WhiteTeam "SC Turm Lüneburg"]
[BlackTeam "SV Dresden-Leuben"]
[PlyCount "94"]
[WhiteFideId "16218140"]
[BlackFideId "16255399"]
[EventCountry "GER"]
[EventRounds "7"]
[EventType "team-swiss"]
[EventDate "2018.12.26"]

1. c4 {[%clk 1:30:58]} c6 {[%clk 1:30:53]} 2. g3 {[%clk 1:31:22]} d5 {[%clk
1:31:17]} 3. cxd5 {[%clk 1:31:46]} cxd5 {[%clk 1:31:41]} 4. Bg2 {[%clk
1:32:08]} e5 {[%clk 1:32:05]} 5. d4 {[%clk 1:32:27]} e4 {[%clk 1:31:51]} 6. Nc3
{[%clk 1:32:47]} Bb4 {[%clk 1:32:05]} 7. Nh3 {[%clk 1:32:19]} f5 {[%clk
1:28:13]} 8. O-O {[%clk 1:31:53]} Bxc3 {[%clk 1:27:44]} 9. bxc3 {[%clk
1:32:16]} Nf6 {[%clk 1:27:22]} 10. Ba3 {[%clk 1:29:35]} Nc6 {[%clk 1:26:20]}
11. e3 {[%clk 1:26:42]} Ne7 {[%clk 1:25:56]} 12. Qa4+ {[%clk 1:25:11]} Bd7
{[%clk 1:25:54]} 13. Qb4 {[%clk 1:25:17]} Bc6 {[%clk 1:24:22]} 14. Nf4 {[%clk
1:22:36]} a5 {[%clk 1:24:11]} 15. Qd6 {[%clk 1:17:13]} Qxd6 {[%clk 1:23:30]}
16. Bxd6 {[%clk 1:17:37]} Kd7 {[%clk 1:23:05]} 17. Bc5 {[%clk 1:14:23]} g5
{[%clk 1:22:51]} 18. Ne2 {[%clk 1:11:02]} h5 {[%clk 1:21:55]} 19. Bh3 {[%clk
1:10:34]} Ng4 {[%clk 1:20:57]} 20. Bg2 {[%clk 1:07:09]} h4 {[%clk 1:13:41]} 21.
h3 {[%clk 1:06:00]} Nf6 {[%clk 1:13:24]} 22. Rab1 {[%clk 1:02:06]} g4 {[%clk
1:08:37]} 23. Nf4 {[%clk 0:59:33]} Rag8 {[%clk 1:05:24]} 24. Rb2 {[%clk
0:55:18]} gxh3 {[%clk 1:01:51]} 25. Bxh3 {[%clk 0:53:49]} hxg3 {[%clk 1:01:42]}
26. Rfb1 {[%clk 0:52:36]} gxf2+ {[%clk 0:57:16]} 27. Kxf2 {[%clk 0:52:40]} Ng4+
{[%clk 0:50:49]} 28. Ke2 {[%clk 0:49:44]} Ng6 {[%clk 0:46:01]} 29. Bxg4 {[%clk
0:43:42]} Nxf4+ {[%clk 0:44:33]} 30. exf4 {[%clk 0:43:51]} Rxg4 {[%clk
0:42:45]} 31. Rf1 {[%clk 0:43:18]} Rh2+ {[%clk 0:42:57]} 32. Rf2 {[%clk
0:43:22]} Rxf2+ {[%clk 0:43:07]} 33. Kxf2 {[%clk 0:43:47]} Rxf4+ {[%clk
0:43:32]} 34. Kg2 {[%clk 0:43:09]} Rf3 {[%clk 0:40:34]} 35. Rf2 {[%clk
0:42:54]} Rxc3 {[%clk 0:40:39]} 36. Rxf5 {[%clk 0:43:08]} Rc2+ {[%clk 0:40:55]}
37. Rf2 {[%clk 0:43:15]} Rxc5 {[%clk 0:40:27]} 38. dxc5 {[%clk 0:43:21]} Ke6
{[%clk 0:40:43]} 39. Rb2 {[%clk 0:40:59]} d4 {[%clk 0:40:58]} 40. Kf2 {[%clk
0:41:13]} Kd5 {[%clk 0:41:21]} 41. Rc2 {[%clk 0:40:40]} d3 {[%clk 0:41:36]} 42.
Rc1 {[%clk 0:40:04]} Kd4 {[%clk 0:41:53]} 43. Re1 {[%clk 0:39:00]} d2 {[%clk
0:41:13]} 44. Rg1 {[%clk 0:38:38]} e3+ {[%clk 0:41:12]} 45. Ke2 {[%clk
0:38:56]} Bb5+ {[%clk 0:41:24]} 46. Kf3 {[%clk 0:37:21]} e2 {[%clk 0:41:10]}
47. Rg4+ {[%clk 0:37:00]} Kc3 {[%clk 0:41:27]} 0-1

[Event "DVM U12 2018"]
[Site "Magdeburg GER"]
[Date "2018.12.28"]
[Round "3"]
[White "Hentschel, Lena"]
[Black "Helms, Finn"]
[Result "1-0"]
[Termination "normal"]
[Board "2.3"]
[WhiteElo "1539"]
[BlackElo "1618"]
[WhiteClock "00:01:28"]
[BlackClock "00:25:56"]
[WhiteTeam "SV Dresden-Leuben"]
[BlackTeam "SC Turm Lüneburg"]
[PlyCount "111"]
[WhiteFideId "16240324"]
[BlackFideId "16249143"]
[EventCountry "GER"]
[EventRounds "7"]
[EventType "team-swiss"]
[EventDate "2018.12.26"]

1. d4 {[%clk 1:30:57]} Nf6 {[%clk 1:30:53]} 2. Nf3 {[%clk 1:31:02]} g6 {[%clk
1:31:14]} 3. Bf4 {[%clk 1:30:45]} Bg7 {[%clk 1:31:33]} 4. e3 {[%clk 1:30:30]}
d6 {[%clk 1:31:53]} 5. Be2 {[%clk 1:28:27]} O-O {[%clk 1:32:09]} 6. O-O {[%clk
1:27:25]} Nbd7 {[%clk 1:31:54]} 7. Nbd2 {[%clk 1:26:39]} Re8 {[%clk 1:31:38]}
8. Bg3 {[%clk 1:23:51]} e5 {[%clk 1:31:31]} 9. dxe5 {[%clk 1:19:09]} dxe5
{[%clk 1:31:44]} 10. Nc4 {[%clk 1:08:41]} e4 {[%clk 1:27:58]} 11. Nd4 {[%clk
1:05:51]} a6 {[%clk 1:24:46]} 12. c3 {[%clk 1:02:49]} Nf8 {[%clk 1:14:42]} 13.
Qc2 {[%clk 0:52:50]} Qe7 {[%clk 1:10:36]} 14. Rfd1 {[%clk 0:49:15]} Ne6 {[%clk
1:08:43]} 15. Nxe6 {[%clk 0:44:41]} Bxe6 {[%clk 1:08:38]} 16. Bh4 {[%clk
0:43:56]} Qc5 {[%clk 1:02:38]} 17. Bxf6 {[%clk 0:39:38]} Bxf6 {[%clk 1:02:54]}
18. b3 {[%clk 0:32:51]} Qf5 {[%clk 0:55:06]} 19. h3 {[%clk 0:30:08]} Qg5 {[%clk
0:52:36]} 20. Kh1 {[%clk 0:28:16]} Qc5 {[%clk 0:47:38]} 21. Rac1 {[%clk
0:26:42]} b5 {[%clk 0:46:48]} 22. Nd2 {[%clk 0:25:35]} Bd5 {[%clk 0:45:05]} 23.
c4 {[%clk 0:24:29]} bxc4 {[%clk 0:44:31]} 24. Bxc4 {[%clk 0:24:07]} Bxc4 {[%clk
0:43:57]} 25. Qxc4 {[%clk 0:22:38]} Qxc4 {[%clk 0:43:56]} 26. Rxc4 {[%clk
0:21:27]} Rad8 {[%clk 0:44:01]} 27. Rcc1 {[%clk 0:20:27]} Rd7 {[%clk 0:42:13]}
28. Nc4 {[%clk 0:19:54]} Red8 {[%clk 0:41:52]} 29. Rxd7 {[%clk 0:19:17]} Rxd7
{[%clk 0:42:17]} 30. Kg1 {[%clk 0:19:04]} Bg7 {[%clk 0:41:22]} 31. Kf1 {[%clk
0:18:53]} f5 {[%clk 0:41:36]} 32. Ke2 {[%clk 0:18:27]} Kf7 {[%clk 0:41:44]} 33.
Na5 {[%clk 0:16:05]} Bf8 {[%clk 0:38:18]} 34. Nc6 {[%clk 0:14:07]} Ba3 {[%clk
0:26:53]} 35. Rc2 {[%clk 0:13:16]} Rd6 {[%clk 0:26:15]} 36. Ne5+ {[%clk
0:11:25]} Ke6 {[%clk 0:23:50]} 37. Nc4 {[%clk 0:11:40]} Bb4 {[%clk 0:23:22]}
38. Nxd6 {[%clk 0:11:39]} cxd6 {[%clk 0:23:38]} 39. Rc4 {[%clk 0:10:20]} a5
{[%clk 0:23:51]} 40. Rc7 {[%clk 0:10:10]} h5 {[%clk 0:23:59]} 41. g3 {[%clk
0:08:34]} Kf6 {[%clk 0:24:01]} 42. h4 {[%clk 0:08:11]} Ke5 {[%clk 0:24:05]} 43.
Ra7 {[%clk 0:08:10]} Ke6 {[%clk 0:24:13]} 44. Kd1 {[%clk 0:07:39]} Kf6 {[%clk
0:24:14]} 45. a3 {[%clk 0:06:20]} Bc3 {[%clk 0:23:40]} 46. Rb7 {[%clk 0:04:16]}
Bb2 {[%clk 0:23:36]} 47. b4 {[%clk 0:03:58]} a4 {[%clk 0:23:45]} 48. Ra7 {[%clk
0:04:10]} Bxa3 {[%clk 0:24:06]} 49. Rxa4 {[%clk 0:04:34]} Bb2 {[%clk 0:24:23]}
50. b5 {[%clk 0:03:59]} g5 {[%clk 0:24:33]} 51. b6 {[%clk 0:02:48]} Be5 {[%clk
0:24:47]} 52. b7 {[%clk 0:02:06]} d5 {[%clk 0:25:12]} 53. Ra6+ {[%clk 0:02:21]}
Kf7 {[%clk 0:25:27]} 54. hxg5 {[%clk 0:02:28]} f4 {[%clk 0:25:39]} 55. Rf6+
{[%clk 0:01:35]} Kg7 {[%clk 0:25:56]} 56. Rxf4 {[%clk 0:01:28]} 1-0

[Event "DVM U12 2018"]
[Site "Magdeburg GER"]
[Date "2018.12.28"]
[Round "3"]
[White "Rennkamp, David"]
[Black "Bregulla, Paul"]
[Result "0-1"]
[Termination "normal"]
[Board "2.4"]
[WhiteElo "1223"]
[BlackElo "1539"]
[WhiteClock "00:05:18"]
[BlackClock "00:19:06"]
[WhiteTeam "SC Turm Lüneburg"]
[BlackTeam "SV Dresden-Leuben"]
[PlyCount "118"]
[WhiteFideId "16249526"]
[BlackFideId "16259564"]
[EventCountry "GER"]
[EventRounds "7"]
[EventType "team-swiss"]
[EventDate "2018.12.26"]

1. e4 {[%clk 1:30:59]} e5 {[%clk 1:30:58]} 2. Nf3 {[%clk 1:31:21]} Nc6 {[%clk
1:31:24]} 3. Bc4 {[%clk 1:31:42]} Bc5 {[%clk 1:31:46]} 4. d3 {[%clk 1:31:54]}
Nf6 {[%clk 1:31:48]} 5. c3 {[%clk 1:32:01]} d6 {[%clk 1:30:12]} 6. b4 {[%clk
1:32:13]} Bb6 {[%clk 1:30:07]} 7. a4 {[%clk 1:32:18]} a6 {[%clk 1:29:06]} 8. a5
{[%clk 1:32:39]} Ba7 {[%clk 1:29:20]} 9. O-O {[%clk 1:32:14]} O-O {[%clk
1:28:29]} 10. Be3 {[%clk 1:32:06]} Be6 {[%clk 1:21:18]} 11. Ba2 {[%clk
1:21:44]} Re8 {[%clk 1:19:48]} 12. Bxa7 {[%clk 1:13:13]} Nxa7 {[%clk 1:17:13]}
13. Bxe6 {[%clk 1:05:03]} fxe6 {[%clk 1:16:39]} 14. Nbd2 {[%clk 0:59:41]} Nc6
{[%clk 1:12:55]} 15. Re1 {[%clk 0:54:08]} Qd7 {[%clk 1:11:13]} 16. Qc2 {[%clk
0:49:32]} Rab8 {[%clk 1:06:23]} 17. d4 {[%clk 0:39:38]} exd4 {[%clk 1:02:34]}
18. Nxd4 {[%clk 0:39:47]} Nxd4 {[%clk 0:57:32]} 19. cxd4 {[%clk 0:40:04]} e5
{[%clk 0:55:01]} 20. d5 {[%clk 0:39:38]} c6 {[%clk 0:48:22]} 21. dxc6 {[%clk
0:37:56]} Qxc6 {[%clk 0:48:20]} 22. Qxc6 {[%clk 0:37:19]} bxc6 {[%clk 0:48:34]}
23. Rab1 {[%clk 0:37:34]} Rb5 {[%clk 0:48:02]} 24. Rec1 {[%clk 0:30:58]} Rc8
{[%clk 0:47:23]} 25. f3 {[%clk 0:28:35]} c5 {[%clk 0:43:51]} 26. bxc5 {[%clk
0:25:26]} Rbxc5 {[%clk 0:42:47]} 27. Rxc5 {[%clk 0:24:41]} Rxc5 {[%clk
0:42:35]} 28. Rb6 {[%clk 0:21:06]} Rxa5 {[%clk 0:40:19]} 29. Rxd6 {[%clk
0:21:26]} Kf7 {[%clk 0:39:26]} 30. Nc4 {[%clk 0:18:44]} Rc5 {[%clk 0:38:04]}
31. Nb6 {[%clk 0:18:37]} a5 {[%clk 0:34:23]} 32. Rd1 {[%clk 0:17:43]} Ke7
{[%clk 0:32:46]} 33. Ra1 {[%clk 0:17:54]} Nd7 {[%clk 0:25:54]} 34. Na4 {[%clk
0:12:59]} Rc4 {[%clk 0:22:05]} 35. Nb2 {[%clk 0:11:56]} Rb4 {[%clk 0:21:21]}
36. Nd1 {[%clk 0:09:39]} a4 {[%clk 0:20:44]} 37. Nc3 {[%clk 0:10:00]} Nb6
{[%clk 0:20:24]} 38. Kf1 {[%clk 0:06:38]} Kd6 {[%clk 0:19:56]} 39. Rb1 {[%clk
0:05:17]} Rxb1+ {[%clk 0:19:47]} 40. Nxb1 {[%clk 0:05:41]} Kc5 {[%clk 0:20:07]}
41. Ke2 {[%clk 0:05:30]} Kc4 {[%clk 0:18:42]} 42. Kd2 {[%clk 0:05:43]} Kb3
{[%clk 0:18:55]} 43. Kc1 {[%clk 0:05:32]} Nc4 {[%clk 0:18:11]} 44. g3 {[%clk
0:05:18]} a3 {[%clk 0:18:29]} 45. Nxa3 {[%clk 0:05:37]} Kxa3 {[%clk 0:18:16]}
46. Kd1 {[%clk 0:06:02]} Kb3 {[%clk 0:18:34]} 47. Ke2 {[%clk 0:06:12]} Kc3
{[%clk 0:18:54]} 48. h4 {[%clk 0:05:30]} Kd4 {[%clk 0:18:58]} 49. g4 {[%clk
0:05:42]} Nd6 {[%clk 0:19:12]} 50. Kf2 {[%clk 0:05:29]} Nxe4+ {[%clk 0:18:01]}
51. fxe4 {[%clk 0:04:15]} Kxe4 {[%clk 0:18:15]} 52. Kg3 {[%clk 0:04:29]} g6
{[%clk 0:18:08]} 53. g5 {[%clk 0:04:25]} Kf5 {[%clk 0:18:28]} 54. Kf3 {[%clk
0:04:34]} e4+ {[%clk 0:17:57]} 55. Ke3 {[%clk 0:04:40]} Ke5 {[%clk 0:18:00]}
56. Kf2 {[%clk 0:04:25]} Kf4 {[%clk 0:18:19]} 57. Ke2 {[%clk 0:04:41]} e3
{[%clk 0:18:29]} 58. Ke1 {[%clk 0:05:01]} Kg4 {[%clk 0:18:41]} 59. Ke2 {[%clk
0:05:18]} Kxh4 {[%clk 0:19:06]} 0-1

[Event "DVM U12 2018"]
[Site "Magdeburg GER"]
[Date "2018.12.28"]
[Round "3"]
[White "Gutewort, Paul Emil"]
[Black "Laux, Dominik"]
[Result "0-1"]
[Termination "normal"]
[Board "3.1"]
[WhiteElo "1635"]
[BlackElo "2058"]
[WhiteClock "00:51:25"]
[BlackClock "00:19:12"]
[WhiteTeam "SF Nordost Berlin"]
[BlackTeam "VSG 1880 Offenbach"]
[PlyCount "68"]
[WhiteFideId "16204182"]
[BlackFideId "12994219"]
[EventCountry "GER"]
[EventRounds "7"]
[EventType "team-swiss"]
[EventDate "2018.12.26"]

1. c4 {[%clk 1:30:59]} e5 {[%clk 1:30:31]} 2. g3 {[%clk 1:30:54]} Nf6 {[%clk
1:30:41]} 3. Bg2 {[%clk 1:31:18]} h6 {[%clk 1:29:30]} 4. d3 {[%clk 1:30:49]}
Bb4+ {[%clk 1:29:50]} 5. Bd2 {[%clk 1:29:57]} Bxd2+ {[%clk 1:29:47]} 6. Qxd2
{[%clk 1:30:19]} O-O 7. Nf3 {[%clk 1:29:50]} Re8 {[%clk 1:27:27]} 8. Nc3 {[%clk
1:28:44]} c6 {[%clk 1:25:04]} 9. O-O {[%clk 1:28:46]} d5 {[%clk 1:24:32]} 10.
cxd5 {[%clk 1:29:08]} cxd5 {[%clk 1:24:54]} 11. d4 {[%clk 1:29:28]} Ne4 {[%clk
1:15:53]} 12. Qc2 {[%clk 1:29:08]} Nxc3 {[%clk 1:15:08]} 13. bxc3 {[%clk
1:29:27]} e4 {[%clk 1:12:48]} 14. Nd2 {[%clk 1:24:16]} Nc6 {[%clk 1:06:56]} 15.
e3 {[%clk 1:24:20]} Bg4 {[%clk 0:55:34]} 16. Rfe1 {[%clk 1:17:05]} Na5 {[%clk
0:51:53]} 17. Rac1 {[%clk 1:15:53]} Rc8 {[%clk 0:49:29]} 18. Qa4 {[%clk
1:14:37]} a6 {[%clk 0:44:03]} 19. c4 {[%clk 1:12:14]} Nxc4 {[%clk 0:42:10]} 20.
Nxc4 {[%clk 1:12:33]} b5 {[%clk 0:39:58]} 21. Qxa6 {[%clk 1:12:41]} bxc4 {[%clk
0:39:44]} 22. Qa4 {[%clk 1:12:20]} Ra8 {[%clk 0:38:24]} 23. Qc2 {[%clk
1:12:39]} Qa5 {[%clk 0:37:45]} 24. Ra1 {[%clk 1:12:11]} Reb8 {[%clk 0:35:14]}
25. Reb1 {[%clk 1:09:14]} Qa3 {[%clk 0:33:59]} 26. h3 {[%clk 1:04:32]} Bd7
{[%clk 0:32:53]} 27. Bf1 {[%clk 1:03:32]} Ba4 {[%clk 0:29:18]} 28. Qc1 {[%clk
1:03:21]} Qxc1 {[%clk 0:28:24]} 29. Rxc1 {[%clk 1:03:45]} Rb2 {[%clk 0:27:29]}
30. Rcb1 {[%clk 0:58:44]} Rab8 {[%clk 0:26:34]} 31. Rc1 {[%clk 0:53:36]} Ra8
{[%clk 0:23:42]} 32. Rcb1 {[%clk 0:53:13]} Rxb1 {[%clk 0:18:35]} 33. Rxb1
{[%clk 0:53:37]} c3 {[%clk 0:18:57]} 34. Rc1 {[%clk 0:51:25]} c2 {[%clk
0:19:12]} 0-1